ՀՀ Գիտությունների ազգային ակադեմիայի հիմնարար գիտական գրադարան  =   Fundamental Scientific Library of NAS RA

Записки декабриста / (Record no. 284229)

MARC details
000 -LEADER
fixed length control field 00876nam a2200217 i 4500
001 - CONTROL NUMBER
control field 000775725
003 - CONTROL NUMBER IDENTIFIER
control field AM-YeHGA
005 - DATE AND TIME OF LATEST TRANSACTION
control field 20250617143935.0
008 - FIXED-LENGTH DATA ELEMENTS--GENERAL INFORMATION
fixed length control field 020227s1984 ru r 000 0 rus d
040 ## - CATALOGING SOURCE
Original cataloging agency AM-YeHGA
041 0# - LANGUAGE CODE
Language code of text/sound track or separate title rus
090 ## - LOCALLY ASSIGNED LC-TYPE CALL NUMBER (OCLC); LOCAL CALL NUMBER (RLIN)
-- 285891
100 1# - MAIN ENTRY--PERSONAL NAME
Personal name Розен, Андрей Евгеньевич
Dates associated with a name 1800-1884
245 10 - TITLE STATEMENT
Title Записки декабриста /
Statement of responsibility, etc. А. Е. Розен; [Подгот. и вступ. ст., с. 3-57, Г. А. Невелева].
260 ## - PUBLICATION, DISTRIBUTION, ETC.
Place of publication, distribution, etc. Иркутск :
Name of publisher, distributor, etc. Вост.-Сиб. кн. изд-во,
Date of publication, distribution, etc. 1984.
300 ## - PHYSICAL DESCRIPTION
Extent 479 с. :
Other physical details [1] л. портр., ил. ;
Dimensions 20 см.
440 #0 - SERIES STATEMENT/ADDED ENTRY--TITLE
Title Серия "Полярная звезда"
504 ## - BIBLIOGRAPHY, ETC. NOTE
Bibliography, etc. note Библиогр. в примеч.: с. 416-449
653 0# - INDEX TERM--UNCONTROLLED
Uncontrolled term Декабристы - Воспоминания и записки
700 1# - ADDED ENTRY--PERSONAL NAME
Personal name Невелев, Г.А.
Relator term сост.
Relationship com
Holdings
Withdrawn status Lost status Damaged status Not for loan Collection Home library Current library Date acquired Total checkouts Full call number Barcode Date last seen Price effective from Koha item type Public note
        General Fundamental Scientific Library Fundamental Scientific Library 29/12/2016   PII/527766 FL0175078 29/12/2016 29/12/2016 Գրքեր / Books 30 Days Loan


ՀՀ ԳԱԱ հիմնարար գիտական գրադարան
ՀՀ,Երևան 0019
Մարշալ Բաղրամյան 24/6
հեռախոս:(374-10) 52-47-50
Հետադարձ կապ

All site content, except where otherwise noted, is licensed under a
Creative Commons License